| 000 | 00378nam a2200145Ia 4500 | ||
|---|---|---|---|
| 008 | 150201s2001 xx 000 0 und d | ||
| 082 |
_a617.6061 _bA2001N |
||
| 100 | _aNEWMAN, MICHEL | ||
| 245 | _aANTIOBIOTIC & ANTIOMIENOBIAL USE IN OP | ||
| 250 | _a1ST | ||
| 260 |
_bQUINTESSENCE PUBLICATION _aCHICAGO _c2001 |
||
| 300 | _a1-288 | ||
| 650 | _aORAL PATHOLOGY | ||
| 942 |
_2ddc _cBK |
||
| 999 |
_c4608 _d4608 |
||